Statistics for Houses of Spanish Monarchs

Click here to take the quiz!

General Stats

  • This quiz has been taken 79 times
  • The average score is 3 of 5

Answer Stats

YearsFirst RulerLast RulerHouse% Correct
1700-1808; 1874-1931; 1975-PresentPhilip V...House of Bourbon
97%
1516-1700Charles ICharles IIHouse of Habsburg
64%
1870-1873Amadeo IAmadeo IHouse of Savoy
63%
1474-1555Isabella IJoanna IHouse of Trastámara
60%
1808-1868Joseph IIsabella IIHouse of Bonaparte
54%

Score Distribution

Percentile by Number Answered

Percent of People with Each Score

Your Score History

You have not taken this quiz